Finite mathematics (Record no. 612375)
[ view plain ]
| 000 -LEADER | |
|---|---|
| fixed length control field | 00324nam a22001337a 4500 |
| 020 ## - INTERNATIONAL STANDARD BOOK NUMBER | |
| International Standard Book Number | 0669168025 |
| 040 ## - CATALOGING SOURCE | |
| Transcribing agency | Nust |
| 082 ## - DEWEY DECIMAL CLASSIFICATION NUMBER | |
| Classification number | 510 |
| Author Mark | LAR'F |
| 100 ## - MAIN ENTRY--PERSONAL NAME | |
| Personal name | Larson |
| 9 (RLIN) | 127007 |
| 245 ## - TITLE STATEMENT | |
| Title | Finite mathematics |
| 260 ## - PUBLICATION, DISTRIBUTION, ETC. | |
| Place of publication, distribution, etc. | Toronto: |
| Name of publisher, distributor, etc. | D C health and company, |
| Date of publication, distribution, etc. | 1991. |
| 650 ## - SUBJECT ADDED ENTRY--TOPICAL TERM | |
| Topical term or geographic name entry element | Finite mathematics |
| 9 (RLIN) | 33075 |
| 942 ## - ADDED ENTRY ELEMENTS (KOHA) | |
| Source of classification or shelving scheme | |
| Koha item type | Book |
| Withdrawn status | Lost status | Source of classification or shelving scheme | Damaged status | Not for loan | Permanent Location | Current Location | Shelving location | Date acquired | Full call number | Barcode | Date last seen | Price effective from | Koha item type | Public note |
|---|---|---|---|---|---|---|---|---|---|---|---|---|---|---|
| College of Electrical & Mechanical Engineering (CEME) | College of Electrical & Mechanical Engineering (CEME) | General Stacks | 12/04/2024 | 510 LAR'F | CEME- 29752 | 12/04/2024 | 12/04/2024 | Book | 3.7 |
